Angry Birds - Statistics

General Stats
  • This quiz has been taken 37 times
  • The average score is 11 of 15
Answer Stats
Hint Answer % Correct
Red, no power Red
100%
Black, explodes Bomb
97%
Yellow, speedy Chuck
94%
White, shoots exploding eggs Matilda
85%
Green, boomerang Hal
82%
Crown King Pig
79%
Silver, goes straight down Silver
79%
Maroon, big and tough Terence
79%
Orange, blows up like a balloon Bubbles
76%
Launch sardines and this guy will do the rest Mighty Eagle
76%
Pink, blows bubbles Stella
76%
Chef's hat Chef Pig
71%
Blue, splits into 3 Jay, Jake, Jim
53%
Mustache Foreman Pig
50%
Helmet Corporal Pig
41%
No matching quizzes found
Score Distribution
Percent of People with Each Score
Percentile by Number Answered
Your Score History
You have not taken this quiz